Readiness, Use and Enablers of Digital Customer Interaction Tools in Austria

Prvé holistické meranie pripravenosti rakúskych B2B spoločností na zlepšenie interakcie so zákazníkmi a výkonnosti predaja prostredníctvom aplikácie digitálnych komunikačných služieb.

Salvato in:
Dettagli Bibliografici
Autore principale: Wenzler, Michal
Altri autori: Schmidthalter, Michael
Natura: Capitolo di libro
Lingua:inglese
Soggetti:
Tags: Aggiungi Tag
Nessun Tag, puoi essere il primo ad aggiungerne!!

MARC

LEADER 00000naa a2200000 4500
001 0257499
005 20220722104248.1
041 0 |a eng 
044 |a SK 
245 1 0 |a Readiness, Use and Enablers of Digital Customer Interaction Tools in Austria  |c Michal Wenzler, Michael Schmidthalter 
520 |a Prvé holistické meranie pripravenosti rakúskych B2B spoločností na zlepšenie interakcie so zákazníkmi a výkonnosti predaja prostredníctvom aplikácie digitálnych komunikačných služieb. 
610 2 0 |a Rakúsko 
610 2 0 |a vzťahy so zákazníkmi 
610 2 0 |a nástroje komunikačné 
610 2 0 |a nástroje marketingové 
610 2 0 |a služby digitálne 
610 2 0 |a výkonnosť 
610 2 0 |a médiá 
100 1 |a Wenzler, Michal 
700 1 |a Schmidthalter, Michael